Využitie dát diaľkového prieskumu Zeme pri identifikácii monumentálnej pravekej architektúry

Salvato in:
Dettagli Bibliografici
Autore principale: Kanát, Marek (Autore)
Altri autori: Lieskovský, Tibor (Relatore della tesi)
Natura: Manoscritto Libro
Lingua:slovacco
Pubblicazione: 2023
Soggetti:
Accesso online:http://is.stuba.sk/zp/portal_zp.pl?podrobnosti=155618
Tags: Aggiungi Tag
Nessun Tag, puoi essere il primo ad aggiungerne!!

MARC

LEADER 00000ntm a22000003a 4500
001 stuzp90923
003 SK-STU
005 20230909211540.4
007 ta
008 150427s2015----xo-----f-mn---000-0-slo-d
040 |a STU  |b slo 
041 0 |a slo 
100 1 |a Kanát, Marek  |u 010130  |4 aut  |U SvF Stavebná fakulta  |T SvF Katedra globálnej geodézie a geoinformatiky  |X 103554  |U V130  |Y 13  |7 103554 
242 0 1 |a Using of remote sensing data for prehistorical monumental architecture detection  |y eng 
245 1 0 |a Využitie dát diaľkového prieskumu Zeme pri identifikácii monumentálnej pravekej architektúry 
260 |c 2023 
650 4 |a Rondel  |2 slo 
650 4 |a Sentinel  |2 slo 
650 4 |a Vegetačné indexy  |2 slo 
650 4 |a Analýza viditeľnosti  |2 slo 
650 4 |a Rondels  |2 eng 
650 4 |a Sentinel  |2 eng 
650 4 |a Vegetation indices  |2 eng 
650 4 |a Visibility analysis  |2 eng 
700 1 |a Lieskovský, Tibor  |u 010130  |k Z1  |4 ths  |U SvF Stavebná fakulta  |T SvF Katedra globálnej geodézie a geoinformatiky  |X 3805  |U V130  |Y 13  |7 A000003805 
856 4 |u http://is.stuba.sk/zp/portal_zp.pl?podrobnosti=155618